Speechwriting : (Record no. 293485)
[ view plain ]
| 000 -LEADER | |
|---|---|
| fixed length control field | 00582nam a2200217Ia 4500 |
| 008 - FIXED-LENGTH DATA ELEMENTS--GENERAL INFORMATION | |
| fixed length control field | 160418s9999 xx 000 0 und d |
| 020 ## - INTERNATIONAL STANDARD BOOK NUMBER | |
| International Standard Book Number | 971-23-1788-9 |
| 050 ## - LIBRARY OF CONGRESS CALL NUMBER | |
| Classification number | FIL PN 4142 |
| 050 ## - LIBRARY OF CONGRESS CALL NUMBER | |
| Item number | .G38 1995 |
| 100 ## - MAIN ENTRY--PERSONAL NAME | |
| Personal name | Gatbonton, B. S. P., Jr. |
| 245 ## - TITLE STATEMENT | |
| Title | Speechwriting : |
| 245 ## - TITLE STATEMENT | |
| Remainder of title | lessons from the masters / |
| 245 ## - TITLE STATEMENT | |
| Statement of responsibility, etc | B. S. P.Gatbonton, Jr. |
| 260 ## - PUBLICATION, DISTRIBUTION, ETC. (IMPRINT) | |
| Place of publication, distribution, etc | Manila : |
| 260 ## - PUBLICATION, DISTRIBUTION, ETC. (IMPRINT) | |
| Name of publisher, distributor, etc | Rex Book Store, Inc., |
| 260 ## - PUBLICATION, DISTRIBUTION, ETC. (IMPRINT) | |
| Date of publication, distribution, etc | 1995 |
| 300 ## - PHYSICAL DESCRIPTION | |
| Extent | 180 pages: |
| 300 ## - PHYSICAL DESCRIPTION | |
| Dimensions | 22 cm. |
| 500 ## - GENERAL NOTE | |
| General note | Includes bibliographical references. |
| 650 ## - SUBJECT ADDED ENTRY--TOPICAL TERM | |
| Topical term or geographic name as entry element | Speechwriting -- Philippines. |
| Withdrawn status | Lost status | Damaged status | Home library | Current library | Shelving location | Date acquired | Total Checkouts | Full call number | Barcode | Date last seen | Price effective from | Koha item type |
|---|---|---|---|---|---|---|---|---|---|---|---|---|
| South Mansfield College | South Mansfield College | Filipiniana Section | FIL PN 4142 .G38 1995 | SMC00019 | 04/18/2016 | 04/18/2016 |